00670 2200253 4500001002100000005001700021008004100038020002200079035002400101040001200125082001000137090001700147100001200164245004300176250001500219260003300234300003200267500003100299650002000330850001200350990001800362990001800380990001800398YOGYA-0209000007416020090227093759.0 ind  a978-979-756-252-6 0010-020900000074160 aYOPDYOG a574.4 a574.4bSet A aSETIADI aAnatomi dan fisiologi manusiacSetiadi aEd.1,cet.1 aYogyakartabGraha Ilmuc2007 axviii, 308 hlmbilusc23 cm aBibliografi : hlm. 305-306 aAnatomi Manusia aYOPDYOG a45374-PD/B.08 a45375-PD/B.08 a45373-PD/B.08